000
00176 a2200085 4500
001
74561
090
_c
39050
_d
39050
245
_a
A Waqat Gawahi Day
260
_a
Karachi
_b
Acad Punjab
_c
2004
942
_a
NUST-CAE
999
_c
309634
_d
309634